[Event "Tasnad Orasului Cup"]
[Site "Tasnad"]
[Date "2021.09.09"]
[Round "1"]
[White "Ardeleanu, Alin"]
[Black "Sarivan, Margareta"]
[Result "1-0"]
[WhiteElo "2287"]
[BlackElo "1877"]
[PlyCount "83"]
[EventDate "2021.09.09"]
[EventType "swiss"]
[EventRounds "7"]
[EventCountry "ROU"]
[SourceTitle "CBM 204 Extra"]
[Source "ChessBase"]
[SourceDate "2021.11.30"]
[SourceVersion "1"]
[SourceVersionDate "2021.11.30"]
[SourceQuality "1"]

1. e4 c6 2. Nc3 d5 3. Qf3 dxe4 4. Nxe4 Nf6 5. Nxf6+ exf6 6. Bc4 Be7 7. Ne2 0-0 8. d4 Be6 9. Bxe6 fxe6 10. Qb3 Qd5 11. Nf4 Qxb3 12. axb3 Kf7 13. 0-0 Bd6 14. Nd3 Nd7 15. Be3 Rfe8 16. f4 Bc7 17. Bf2 Bb6 18. Rfd1 Rad8 19. Kf1 a6 20. b4 Ba7 21. d5 Bxf2 22. dxc6 Bb6 23. cxd7 Re7 24. Nc5 Bxc5 25. bxc5 Rexd7 26. Rxd7+ Rxd7 27. c6 bxc6 28. Rxa6 Rc7 29. Ke2 Ke7 30. b4 Kd7 31. Kd3 Rb7 32. c3 h6 33. h4 Kd6 34. Ra5 Rd7 35. Ke4 Rb7 36. Kd4 Rd7 37. c4 Kc7+ 38. Kc5 Kb7 39. Ra2 Rd1 40. Re2 Rd7 41. Rxe6 Rc7 42. h5 1-0

[Event "Arad op"]
[Site "Arad"]
[Date "2012.07.28"]
[Round "2"]
[White "Chircu, Vadim"]
[Black "Sarivan, Margareta"]
[Result "1-0"]
[WhiteElo "2202"]
[BlackElo "1921"]
[PlyCount "63"]
[EventDate "2012.07.27"]
[EventType "swiss"]
[EventRounds "9"]
[EventCountry "ROU"]
[SourceTitle "CBM 149 Extra"]
[Source "ChessBase"]
[SourceDate "2012.08.24"]
[SourceVersion "1"]
[SourceVersionDate "2012.08.24"]
[SourceQuality "1"]

1. e4 Nf6 2. e5 Nd5 3. d4 d6 4. Nf3 Bg4 5. Be2 e6 6. h3 Bh5 7. c4 Nb6 8. Nc3 Be7 9. 0-0 0-0 10. Be3 N8d7 11. exd6 cxd6 12. b3 f5 13. Qd2 h6 14. Rfe1 Bf7 15. Qc2 g5 16. Rad1 Bg6 17. Bc1 Re8 18. Bd3 Bf6 19. Nb5 Nf8 20. Ba3 Nc8 21. d5 a6 22. Nbd4 Bxd4 23. Nxd4 Qf6 24. Bb2 e5 25. Nxf5 Bxf5 26. Bxf5 Ne7 27. Bg4 Neg6 28. c5 Nf4 29. cxd6 Qxd6 30. Qf5 N4g6 31. g3 Rac8 32. Bxe5 1-0

[Event "Satu Mare op 2nd"]
[Site "Satu Mare"]
[Date "2011.07.16"]
[Round "3"]
[White "Florescu, Codrut Constantin"]
[Black "Sarivan, Margareta"]
[Result "1-0"]
[WhiteElo "2266"]
[BlackElo "1893"]
[PlyCount "91"]
[EventDate "2011.07.15"]
[EventType "swiss"]
[EventRounds "9"]
[EventCountry "ROU"]
[SourceTitle "CBM 143 Extra"]
[Source "ChessBase"]
[SourceDate "2011.08.29"]
[SourceVersion "1"]
[SourceVersionDate "2011.08.29"]
[SourceQuality "1"]

1. d4 d5 2. c4 c6 3. Nf3 Nf6 4. Nc3 e6 5. e3 Be7 6. Qc2 0-0 7. a3 Nbd7 8. e4 dxe4 9. Nxe4 Nxe4 10. Qxe4 Nf6 11. Qc2 b6 12. Be2 Bb7 13. Bf4 c5 14. Rd1 Qc8 15. dxc5 Bxc5 16. b4 Be7 17. 0-0 a5 18. Qb3 Qc6 19. Rd4 Nh5 20. Be3 Bf6 21. Rg4 g6 22. Nd4 Bxd4 23. Bxd4 Ng7 24. Bf3 Qc7 25. Bxb7 Qxb7 26. Bb2 f6 27. Rd1 axb4 28. axb4 Rac8 29. Rgd4 Qc6 30. b5 Qe8 31. Rd6 Rb8 32. g4 h6 33. Qe3 Kh7 34. Rxb6 e5 35. Rbd6 Ne6 36. Rd7+ Rf7 37. Qa7 Rxd7 38. Qxd7+ Kg8 39. Qxe8+ Rxe8 40. Rd6 Kf7 41. Ba3 Nd4 42. b6 Nb3 43. b7 Na5 44. Rd7+ Kg8 45. Bd6 Nc6 46. Re7 1-0

[Event "Kishinev ULIM op"]
[Site "Kishinev"]
[Date "2007.10.10"]
[Round "5"]
[White "Lazo, Xenia"]
[Black "Sarivan, Margareta"]
[Result "1-0"]
[WhiteElo "2089"]
[BlackElo "1859"]
[PlyCount "71"]
[EventDate "2007.10.06"]
[EventType "swiss"]
[EventRounds "9"]
[EventCountry "MDA"]
[SourceTitle "EXT 2008"]
[Source "ChessBase"]
[SourceDate "2007.11.25"]
[SourceVersion "1"]
[SourceVersionDate "2007.11.25"]
[SourceQuality "1"]

1. d4 Nf6 2. c4 g6 3. Nc3 Bg7 4. e4 d6 5. Bd3 0-0 6. Nge2 Nbd7 7. 0-0 e5 8. d5 Nc5 9. Bc2 a5 10. Rb1 Nh5 11. a3 b6 12. Be3 Nb7 13. Qd2 f5 14. exf5 gxf5 15. f4 Qe7 16. Rf3 Nc5 17. Re1 Bd7 18. Ng3 Nxg3 19. Rxg3 Rae8 20. fxe5 dxe5 21. Bg5 Qd6 22. Bh6 Rf7 23. Qg5 Ree7 24. Qh5 Kh8 25. Bxg7+ Rxg7 26. Rxg7 Rxg7 27. Bxf5 Qe7 28. Bxd7 Nxd7 29. Ne4 Nf8 30. g3 Ng6 31. Qg5 Qd7 32. Nf6 Qe7 33. Ne4 Qd7 34. Qf6 Nf4 35. Ng5 Ng6 36. Ne6 1-0